Statistics for Los Angeles City Quiz

Click here to take the quiz!

General Stats

  • This quiz has been taken 28,716 times
    (13,268 since last reset)
  • The average score is 13 of 20

Answer Stats

QuestionAnswer% Correct
Event hosted in 1932 and 1984 (and scheduled for 2028)Summer Olympics
97%
Country which established the settlement of Los Angeles in 1781Spain
92%
Suburb with the zip code 90210Beverly Hills
89%
Three-letter airport code for Los Angeles International AirportLAX
89%
There are currently 2,759 of these on the Hollywood Walk of FameStars
84%
County just south of Los Angeles County{Orange} County
82%
Beach area known for canals and bodybuildersVenice Beach
74%
L. A. suburb where Disneyland is locatedAnaheim
72%
NFL team that played in Los Angeles, left for Saint Louis, and then came backLos Angeles Rams
68%
"Quiet beach community" on the Pacific Coast Highway famous for celebrity homesMalibu
66%
Man who was beaten by police in 1991, causing widespread riots the following yearRodney King
65%
Burger chain which offers "animal style" friesIn-N-Out
63%
Boulevard famous for its "strip" of nightclubsSunset Boulevard
61%
Home town of Snoop Dogg which has a busy portLong Beach
50%
A person from Paris is a Parisian. A person from Los Angeles is an _______.Angeleno
49%
Tar pits which trapped thousands of prehistoric animalsLa {Brea}
48%
Coastal city where Route 66 came to an endSanta Monica
46%
What the Hollywood sign originally saidHollywood{land}
45%
Valley which Valley Girls come from
San Fernando
Valley
43%
Observatory featured in the movie "Rebel Without a Cause"Griffith Observatory
38%

Score Distribution

Percentile by Number Answered

Percent of People with Each Score

Your Score History

You have not taken this quiz since the last reset